| 000 | 01020nam a2200301 a 4500 | ||
|---|---|---|---|
| 999 |
_c10599 _d10599 |
||
| 001 | 10599 | ||
| 003 | BD-JhCC | ||
| 005 | 20230119134024.0 | ||
| 008 | 180728s2012 nyu d 000 1 eng | ||
| 010 | _a 2011045783 | ||
| 020 | _a9780525478812 (hardcover : alk. paper) | ||
| 020 | _a978014135507 | ||
| 035 | _a(BD-JhCC)10599 | ||
| 040 |
_aDLC _cDLC _dDLC _dBD-JhCC |
||
| 042 |
_alcac _apcc |
||
| 050 | 0 | 0 |
_aPZ7.G8233 _bFau 2012 |
| 082 | 0 | 0 |
_a813.6 _223 _bGRE 2012 |
| 100 | 1 |
_aGreen, John, _d1977- |
|
| 245 | 1 | 4 |
_aThe fault in our stars / _cJohn Green. |
| 250 | _a1st ed. | ||
| 260 |
_aNew York : _bDutton Books, _cc2012. |
||
| 300 |
_a318 p. ; _c22 cm. |
||
| 520 | _aSixteen-year-old Hazel, a stage IV thyroid cancer patient, has accepted her terminal diagnosis until a chance meeting with a boy at cancer support group forces her to reexamine her perspective on love, loss, and life. | ||
| 650 | 1 |
_aCancer _vFiction. |
|
| 650 | 1 |
_aTerminally ill _vFiction. |
|
| 650 | 1 |
_aLove _vFiction. |
|
| 942 |
_2ddc _cBK _070 |
||